00819 2200265 4500001002100000005001700021008004100038020002200079035002400101040001200125082002100137084002100158090002100179100004200200245009800242250001000340260004200350300004500392500003100437650002200468850001200490990001700502990001700519990001700536INLIS00000000000091520141120111608.0  a978-979-461-747-2 0010-111400000000273 aYOPDYOG aNUS 959.81 Sim M aNUS 959.81 Sim M aNUS 959.81 Sim M aSIMANJUNTAK, Bungaran Antonius, 1941- aMelayu pesisir dan Batak pegunungan (orientasi nilai budaya)c/ Bungaran Antonius Simanjuntak aEd.1. aJakartabYayasan Obor Indonesiac2010 axvi, 184 hlm.b: ilus. ;c24 cm [3 eks.] aBibliografi : hlm. 174-175 aKebudayaan Melayu aYOPDYOG a9824-PD/B.14 a9825-PD/B.14 a9826-PD/B.14